| 000 | 00573cam a22002051 4500 | ||
|---|---|---|---|
| 001 | ne 63001093 | ||
| 003 | DLC | ||
| 005 | 20260227111746.0 | ||
| 008 | 810731s1961 ua 000 1 egyrc | ||
| 010 | _ane 63001093 | ||
| 025 | _aPL480:UAR-2477 | ||
| 035 | _a(OCoLC)7633152 | ||
| 040 |
_aPrinceton Univ. Libr. _cMnM _dDLC |
||
| 050 | 0 | 0 |
_aPJ7862.A3 _bT3 |
| 100 | 1 | _aSaʻdāwī, Nawāl. | |
| 245 | 1 | 0 |
_aTaʻallamtu al-ḥubb. _cNawāl al-Saʻdāwī. |
| 260 |
_aCairo _bMaktabat al-Nahḍah al-Miṣriyah _c[1961] |
||
| 300 |
_a148 p. _c20 cm. |
||
| 500 | _aShort stories. | ||
| 999 |
_c45933 _d45933 |
||